Historia de la matemática

Salvato in:
Dettagli Bibliografici
Autore principale: Rey Pastor, Julio
Altri autori: Babini, José
Natura: Libro
Lingua:spagnolo
Pubblicazione: Barcelona, España Gedisa 1997
Edizione:Tercera edición
Serie:Colección Hombre y Sociedad. Serie Filosofía de la Ciencia, Historia
Soggetti:
Tags: Aggiungi Tag
Nessun Tag, puoi essere il primo ad aggiungerne!!

MARC

LEADER 00000nam a2200000 a 4500
001 UCQ8612
003 CL-VaPUC
005 20231102151811.0
008 981210e19970000SP |||||||||||||||||spa|d
999 |c 277829  |d 277827 
040 |c Pontificia Universidad Católica de Valparaíso 
082 0 4 |a 510.9 REY 1997 
100 1 |a Rey Pastor, Julio  |9 422672 
245 1 0 |a Historia de la matemática 
250 |a Tercera edición 
260 |a Barcelona, España  |b Gedisa  |c 1997 
300 |a 2 volúmenes 
490 0 |a Colección Hombre y Sociedad. Serie Filosofía de la Ciencia, Historia 
500 |a v.1: De la antigüedad a la baja Edad Media 
500 |a v.2 : Del renacimiento a la actualidad 
583 |a last modification  |c 19981210 00:00:00  |k Rodrigo Vera 
650 0 |a Matemática  |9 260235 
650 0 |a Historia  |9 255047 
650 0 |a Prehistoria  |9 316557 
650 0 |a Edad media  |9 258041 
650 0 |a Renacimiento  |9 255107 
650 7 |a GRIEGOS  |2 CL-VaPUC  |9 318981 
650 7 |a EGIPCIOS  |2 CL-VaPUC  |9 373469 
700 |a Babini, José  |9 422673 
942 |c BK  |2 ddc 
945 |d 19981210 00:00:00  |a aarredon 
952 |0 0  |1 0  |4 0  |6 510_900000000000000_REY_1997  |7 0  |8 A  |9 316043  |a BIBMAT  |b BIBMAT  |d 2019-11-20  |h v.1  |i 349103K  |o 510.9 REY 1997  |p 349103K  |r 2025-01-07  |w 2019-11-20  |y BK  |k MAT